| 000 | 00475nam a22001697a 4500 | ||
|---|---|---|---|
| 003 | 0 | ||
| 005 | 20231222075447.0 | ||
| 008 | 231222b xxu||||| |||| 00| 0 eng d | ||
| 020 | _a978-0-72328-187-0 | ||
| 050 |
_aTR _bLa158 2014 |
||
| 082 |
_aTR _bLa158 2014 |
||
| 245 | _aLadybird tales : the three billy goats gruff | ||
| 260 |
_aLondon _bLadybird Books Ltd. _cc2014. |
||
| 300 |
_a42 pages : _bcolored pages ; _c20cm. |
||
| 650 | _aChildrens stories. | ||
| 942 |
_2ddc _cBK |
||
| 999 |
_c365770 _d365770 |
||